| 000 | 00364nam a22001217a 4500 | ||
|---|---|---|---|
| 999 |
_c5178 _d5178 |
||
| 008 | 250820b ||||| |||| 00| 0 eng d | ||
| 020 | _a9780755500185 | ||
| 082 | _a741.5 CLA | ||
| 100 |
_aCLANTON,BEN _eAUTHOR _lENGLISH |
||
| 245 | _aNARWHALICORN AND JELLY | ||
| 260 |
_aGREAT BRITAIN,1 LONDON BRIDGE STREET,LONDON SE1 9GF _bDEAN,PART OF FARSHORE _c2023 |
||
| 942 | _2ddc | ||